Tous les sites UNESCO de Norvège sur une carte - Statistiques

Statistiques générales
  • Ce quiz a été pris 28 fois
  • Le résultat moyen est 4 sur 8
Réponses sur la Carte
Les réponses sont colorées sur une échelle allant du rouge au vert en fonction du pourcentage des utilisateurs qui les ont devinées à leur premier essai. Vous pouvez retrouver ces pourcentages ci-dessous.
 
Statistiques - réponses
Réponse % Correct
Fjords de l’Ouest de la Norvège – Geirangerfjord et Nærøyfjord
86%
Quartier de « Bryggen » dans la ville de Bergen
79%
Vegaøyan – Archipel de Vega
75%
Arc géodésique de Struve
57%
Ville minière de Røros et la Circonférence
50%
Art rupestre d’Alta
43%
« Stavkirke » d’Urnes
29%
Site du patrimoine industriel de Rjukan-Notodden
25%
Aucun quiz correspondant
Distribution des résultats
% des personnes avec chaque résultat
Percentile par nombre de réponses
Votre historique - résultats
Vous n’avez pas pris ce quiz